01774cam a2200385 i 450000100090000000300050000900500170001400800410003101000170007202000180008902500230010703700530013004000230018304200150020604300210022105000250024208200170026710000450028424500690032925000190039826400470041730000290046433600260049333700280051933800270054750404030057465100470097765100470102465100560107165100560112790600450118394200120122899900190124095201290125919508084NUST20230222094555.0170221s2016 pk b 001 0 eng  a 2017332281 a9780199402496 aP-E-2017332281; 33 bLibrary of Congress -- Islamabad Overseas Office aDLCbengcDLCerda alcodeapcc aa-cc---aa-pk---00aDS740.5.P3bA45 2017 a327.101, ALI1 aAli, Ghulamc(Professor)eauthor.99917910aChina-Pakistan relations :ba historical analysis /cGhulam Ali. aFirst edition. 1aKarachi :bOxford University Press,c2017. axiii, 263 pages ;c23 cm atextbtxt2rdacontent aunmediatedbn2rdamedia avolumebnc2rdacarrier aThe Formative Phase (1950-62) (Page-8), Strengthening and Deepening of Relations (1963-77) (Page-53), China's Reforms amd Modrenisation, and Relations with Pakistan (1978-89) (Page-99), China's Policy of Balance and Stability (1990-2001)(Page-134), China's Renewed Interest in Pakistan - Relation Post-9/11 (Page-162), China-Pakistan Economic Corridor (Page-203), Factors of Durability (Page-213). 0aChinaxForeign relationszPakistan.910160 0aPakistanxForeign relationszChina.910159 0aPakistanxForeign economic relationszChina.999180 0aChinaxForeign economic relationszPakistan.999181 a7bcbccorigoded3encipf20gy-gencatlg 2ddccBK c593401d593401 00102ddc4070aMCSbMCScGENd2023-02-22l0o327.101, ALIpMCS37980r2023-02-22w2023-02-22yBKzAlmirah No.50, Shelf No.1